Дело о разрешении производить хозяйственно исправление экипажей

Доступно только в Электронных читальных залах Найти на картеНа карте
RUSMARC
00003686nmc2a22000003x 450
00164f1327f-3e15-44e3-9791-916c7ef1c4ef
00520190109222206.0
100##$a20170705l18491849k l0rusy0189 ca
1010#$arus
102##$aRU
2001#$aДело о разрешении производить хозяйственно исправление экипажей
$j3-9 мая 1849 г.
251##$cДело
300##$aПо Московской дирекции за 1849 год
300##$aДело
801#0$aRU
$bРГИА
$c20170705
$gRCR
801#1$aRU
$bГлавНИВЦ
$c20170705
$2rusmarc
801#2$aRU
$bПБ им. Б.Н. Ельцина
$c20190109
$gRCR
$2rusmarc
850##$aРГИА
852##$aРГИА
$eФедеральное казенное учреждение "Российский государственный исторический архив" (РГИА)
$j12518
937##$hРГИА
$d12247866
$aASBIBLIO_SCAN
462#0$1001dd3991dc-24e1-42ec-8838-ca4255420416
$12001
$a1746-1850 гг.
$1251
$cОпись
$1852
$j1
461#0$10019264ebf8-de62-4f1a-9eb4-9f22098dbbd5
$12001
$aДирекция императорских театров МИДв
$1251
$cФонд
$1852
$j497
215##$a5 л.
$d36,5х26 см
371##$aДокумент не является опубликованным и широко распространяемым
105##$ay###
1222#$ad
035##$a64f1327f-3e15-44e3-9791-916c7ef1c4ef
856##$uhttp://readingroom.main.prlib.ru/item.aspx?id_node=n122810508&mode=full
Формат отображения